[Event "Faaborg 100 aar GM 2025"]
[Site "Faaborg"]
[Date "2025.10.18"]
[Round "8.3"]
[White "Liu, Casper Yukun"]
[Black "Gloeckler, Christian"]
[Result "0-1"]
[WhiteElo "2361"]
[BlackElo "2451"]
[WhiteFideId "1454153"]
[BlackFideId "34608966"]
[EventDate "2025.10.13"]
[EventType "tourn"]
[EventRounds "9"]
[EventCountry "DEN"]
[SourceTitle "Live v. Faaborg Skakklub"]

1. e4 c5 2. Nf3 d6 3. d4 cxd4 4. Nxd4 Nf6 5. Nc3 a6 6. Bg5 e6 7. f4 Nbd7 8. Bc4 Qb6 9. Qd2 Qxb2 10. O-O Qb6 11. Kh1 Be7 12. Rab1 Qa5 13. Qe1 O-O 14. Nd5 Bd8 15. Ne7+ Kh8 16. Qxa5 Bxa5 17. Bd3 Bd8 18. Bxf6 gxf6 19. Nxc8 Rxc8 20. Rxb7 Nc5 21. Rbb1 f5 22. exf5 Bf6 23. Ne2 Nxd3 24. cxd3 Rc2 25. Ng3 Rxa2 26. Ne4 Bd8 27. Rb7 Kg8 28. h3 d5 29. Nc5 exf5 30. Re1 Bf6 31. Nd7 Bh4 32. Rc1 Re8 33. Ne5 Bg3 34. Nxf7 Bxf4 35. Rf1 Rf2 36. Nh6+ Kh8 37. Nf7+ Kg7 38. Ne5+ Kf6 39. Rxf2 Bxe5 40. Re2 d4 41. Rb6+ Kg5 42. Rxa6 Re7 43. Ra5 Kf6 44. Rd5 Re6 45. Rd7 h5 46. Rd5 h4 47. Re1 Re7 48. Rd8 Rf7 49. Rd5 Bg3 50. Rf1 Be5 51. Rd8 Ke7 52. Ra8 Kf6 53. Kg1 Bg3 54. Ra6+ Kg5 55. Ra5 Bf4 56. Rd5 Be3+ 57. Kh2 Bf4+ 58. Kh1 Be3 59. Kh2 Bf4+ 60. g3 hxg3+ 61. Kg2 Re7 62. h4+ Kg4 63. Rxd4 Re2+ 64. Kg1 Kh3 65. Rfxf4 Re1+ 66. Rf1 Rxf1+ 67. Kxf1 Kh2 0-1

[Event "Faaborg 100 aar GM 2025"]
[Site "Faaborg"]
[Date "2025.10.18"]
[Round "8.4"]
[White "Hagner, Bennet"]
[Black "Jalving, August"]
[Result "1-0"]
[WhiteElo "2445"]
[BlackElo "2298"]
[WhiteFideId "16224477"]
[BlackFideId "1471759"]
[EventDate "2025.10.13"]
[EventType "tourn"]
[EventRounds "9"]
[EventCountry "DEN"]
[SourceTitle "Live v. Faaborg Skakklub"]

1. Nf3 Nf6 2. g3 g6 3. Bg2 Bg7 4. O-O O-O 5. d4 d5 6. c4 c6 7. a4 Na6 8. a5 c5 9. cxd5 Nxd5 10. Nc3 Nxc3 11. bxc3 Bd7 12. Re1 Rc8 13. Qd2 Bc6 14. e4 cxd4 15. cxd4 f5 16. Qa2+ Kh8 17. Ng5 Qxd4 18. Be3 Qf6 19. e5 Qxe5 20. Bxc6 Rxc6 21. Nf7+ Rxf7 22. Qxf7 Rf6 23. Qb3 Qc7 24. Rac1 Rc6 25. Qf7 h6 26. Rxc6 Qxc6 27. Bd4 Bxd4 28. Qf8+ 1-0

[Event "Faaborg 100 aar GM 2025"]
[Site "Faaborg"]
[Date "2025.10.19"]
[Round "9.1"]
[White "Chatalbashev, Boris"]
[Black "Hector, Jonny"]
[Result "1-0"]
[WhiteElo "2506"]
[BlackElo "2431"]
[WhiteFideId "2900440"]
[BlackFideId "1700090"]
[EventDate "2025.10.13"]
[EventType "tourn"]
[EventRounds "9"]
[EventCountry "DEN"]
[SourceTitle "Live v. Faaborg Skakklub"]

1. Nf3 d5 2. g3 Nc6 3. d4 Bf5 4. Bg2 Nb4 5. Na3 e6 6. O-O h5 7. c3 Nc6 8. Qb3 Rb8 9. Bf4 Be7 10. Nb5 Rc8 11. Ne5 Na5 12. Qa4 c6 13. Nc7+ Qxc7 14. Nxf7 b5 15. Qd1 Qxf4 16. gxf4 Kxf7 17. f3 Nf6 18. Qe1 Rhe8 19. e4 Bh7 20. b3 c5 21. f5 exf5 22. e5 Ng8 23. f4 Bd8 24. dxc5 Ne7 25. Rd1 Kf8 26. Kh1 Bg8 27. Qe2 a6 28. Qxh5 Rc6 29. Rd3 Rh6 30. Qd1 Nac6 31. a3 Be6 32. b4 Bc7 33. Rff3 Rd8 34. Rh3 Rxh3 35. Rxh3 Ng6 36. Qf1 Nce7 37. Qf2 Ke8 38. Rh7 Kf7 39. h4 a5 40. h5 Nf8 41. Rh8 axb4 42. axb4 Ra8 43. Qf1 Bd7 44. Qd1 Bc6 45. h6 g6 46. c4 Ke6 47. cxb5 Bxb5 48. h7 Rd8 49. Qa1 g5 50. Qa7 Kd7 51. Qb7 Bc6 52. e6+ Nxe6 53. Rxd8+ Nxd8 54. Qxc7+ Kxc7 55. h8=Q gxf4 56. Qe5+ 1-0

[Event "Faaborg 100 aar GM 2025"]
[Site "Faaborg"]
[Date "2025.10.19"]
[Round "9.2"]
[White "Thavandiran, Shiyam"]
[Black "Rasmussen, Allan Stig"]
[Result "1-0"]
[WhiteElo "2402"]
[BlackElo "2501"]
[WhiteFideId "2605058"]
[BlackFideId "1406000"]
[EventDate "2025.10.13"]
[EventType "tourn"]
[EventRounds "9"]
[EventCountry "DEN"]
[SourceTitle "Live v. Faaborg Skakklub"]

1. e4 c6 2. Nf3 d5 3. d3 Nd7 4. exd5 cxd5 5. d4 e6 6. Bd3 Bd6 7. O-O Ne7 8. Re1 Qc7 9. Nbd2 b6 10. a4 a5 11. c3 Ba6 12. Bc2 O-O 13. Nf1 Rae8 14. Ng3 Ng6 15. Bd2 Nf4 16. Be3 Re7 17. Ne5 Nxe5 18. Bxf4 Nf3+ 19. Qxf3 Bxf4 20. Nh5 Bh6 21. Qh3 f5 22. Re5 Bc8 23. Rae1 Ref7 24. Ng3 Bf4 25. R5e2 Rf6 26. Qh5 Bd6 27. Qf3 Rh6 28. h3 g5 29. Re5 Qg7 30. Nf1 g4 31. hxg4 fxg4 32. Qg3 Bxe5 33. Rxe5 Rhf6 34. Ne3 Rxf2 35. Bxh7+ Kh8 36. Rh5 R2f6 37. Nxg4 Rf1+ 38. Kh2 Qxh7 39. Qe5+ Kg8 40. Qg5+ Kh8 41. Qe5+ Kg8 42. Nh6+ Qxh6 43. Rxh6 R1f5 44. Rg6+ Kf7 45. Rg7+ Ke8 46. Qc7 1-0

[Event "Faaborg 100 aar GM 2025"]
[Site "Faaborg"]
[Date "2025.10.19"]
[Round "9.3"]
[White "Hacker, Jonas"]
[Black "Liu, Casper Yukun"]
[Result "1-0"]
[WhiteElo "2342"]
[BlackElo "2361"]
[WhiteFideId "1270968"]
[BlackFideId "1454153"]
[EventDate "2025.10.13"]
[EventType "tourn"]
[EventRounds "9"]
[EventCountry "DEN"]
[SourceTitle "Live v. Faaborg Skakklub"]

1. e4 e6 2. d4 d5 3. Nd2 h6 4. Ngf3 Nf6 5. e5 Nfd7 6. c3 c5 7. Bd3 Nc6 8. O-O g5 9. Nb1 Qb6 10. h3 cxd4 11. cxd4 Nxd4 12. Nxd4 Qxd4 13. Nc3 Bc5 14. Nb5 Qxe5 15. Re1 Qb8 16. b4 Bxb4 17. Bb2 e5 18. Bf5 O-O 19. Qh5 Kg7 20. Bxd7 Bxe1 21. Rxe1 f6 22. Bxc8 Rxc8 23. Nd4 1-0

[Event "Faaborg 100 aar GM 2025"]
[Site "Faaborg"]
[Date "2025.10.19"]
[Round "9.4"]
[White "Gloeckler, Christian"]
[Black "Hagner, Bennet"]
[Result "0-1"]
[WhiteElo "2451"]
[BlackElo "2445"]
[WhiteFideId "34608966"]
[BlackFideId "16224477"]
[EventDate "2025.10.13"]
[EventType "tourn"]
[EventRounds "9"]
[EventCountry "DEN"]
[SourceTitle "Live v. Faaborg Skakklub"]

1. Nf3 Nf6 2. c4 b6 3. g3 Bb7 4. Bg2 e6 5. b3 Be7 6. Bb2 O-O 7. O-O d6 8. Re1 Nbd7 9. Nc3 Ne4 10. Qc2 Nxc3 11. Bxc3 c5 12. Ng5 Bxg5 13. Bxb7 Rb8 14. Bg2 Bf6 15. Rad1 Qc7 16. d4 b5 17. dxc5 Qxc5 18. Bxf6 Nxf6 19. Qd2 bxc4 20. Qxd6 Qxd6 21. Rxd6 cxb3 22. axb3 Rxb3 23. Ra6 Rb2 24. Rxa7 Rc8 25. Bf3 g5 26. h3 Kg7 27. Rea1 Kg6 28. R1a5 Rc1+ 29. Kh2 Rf1 30. Kg2 Rbb1 31. g4 Rh1 32. Kg3 Rbg1+ 33. Bg2 Ne4+ 34. Kf3 Nd2+ 35. Kg3 Nf1+ 36. Kf3 Nh2+ 37. Kg3 Nf1+ 38. Kf3 Rh2 39. Bxf1 Rxf1 40. e4 Rfxf2+ 41. Ke3 Rf4 42. Ra8 Rxh3+ 43. Kd4 Rxg4 44. Rg8+ Kf6 45. Ra4 Rxe4+ 0-1

[Event "Faaborg 100 aar GM 2025"]
[Site "Faaborg"]
[Date "2025.10.19"]
[Round "9.5"]
[White "Jalving, August"]
[Black "Pajeken, Jakob Leon"]
[Result "0-1"]
[WhiteElo "2298"]
[BlackElo "2454"]
[WhiteFideId "1471759"]
[BlackFideId "12942839"]
[EventDate "2025.10.13"]
[EventType "tourn"]
[EventRounds "9"]
[EventCountry "DEN"]
[SourceTitle "Live v. Faaborg Skakklub"]

1. e4 e5 2. Nf3 Nc6 3. Bb5 a6 4. Ba4 Nge7 5. d4 exd4 6. Nxd4 Nxd4 7. Qxd4 Nc6 8. Qd3 Bc5 9. Be3 Bxe3 10. Qxe3 O-O 11. O-O d6 12. Nc3 b5 13. Bb3 Na5 14. Bd5 c6 15. Bb3 Nxb3 16. cxb3 f5 17. exf5 Bxf5 18. Rad1 Qf6 19. Qd2 d5 20. Ne2 a5 21. Qc3 b4 22. Qxf6 Rxf6 23. Rd2 a4 24. bxa4 Rxa4 25. b3 Ra5 26. Rc1 Kf8 27. Nd4 Bd7 28. Nf3 Ke7 29. Ne5 Ra6 30. Nd3 Rb6 31. Nc5 Bf5 32. f4 Kd6 33. Na4 Rb5 34. Kf2 Be4 35. Ke3 Re6 36. Kf2 Re8 37. Nb2 Ra8 38. Nc4+ Kc7 39. Ne5 c5 40. Ke3 Rba5 41. g3 Kb6 42. Nd7+ Kc6 43. Ne5+ Kb5 44. Nd7 Rc8 45. Ne5 Ra3 46. Nf7 Kc6 47. Ne5+ Kb6 48. h3 Rc7 49. f5 Kb5 50. Kf4 Rca7 51. Nc4 Rxa2 52. Nd6+ Kc6 53. Nxe4 dxe4 54. Rd8 Rf2+ 55. Kg4 Rc7 56. Re8 Rb2 57. Rxe4 Rxb3 58. Kf4 Kb5 59. h4 Rc3 60. Rd1 Rc4 61. g4 Rxe4+ 62. Kxe4 Re7+ 63. Kf4 b3 64. g5 c4 65. f6 gxf6 66. gxf6 Rc7 67. Re1 b2 68. Re7 Kb6 69. f7 b1=Q 70. f8=Q Qf1+ 0-1